Principles of Electronic Materials and Devices (Record no. 523)
[ view plain ]
| 000 -LEADER | |
|---|---|
| fixed length control field | 00547nam a22002057a 4500 |
| 003 - CONTROL NUMBER IDENTIFIER | |
| control field | OSt |
| 005 - DATE AND TIME OF LATEST TRANSACTION | |
| control field | 20250926020003.0 |
| 008 - FIXED-LENGTH DATA ELEMENTS--GENERAL INFORMATION | |
| fixed length control field | 140925b xxu||||| |||| 00| 0 eng d |
| 020 ## - INTERNATIONAL STANDARD BOOK NUMBER | |
| International Standard Book Number | 0071244581 |
| 040 ## - CATALOGING SOURCE | |
| Transcribing agency | DDC |
| 082 ## - DEWEY DECIMAL CLASSIFICATION NUMBER | |
| Edition number | 22 Ed |
| Classification number | 621.3 KAS 2006 |
| 100 ## - MAIN ENTRY--PERSONAL NAME | |
| Personal name | Kasap, S.O |
| 9 (RLIN) | 1352 |
| 245 ## - TITLE STATEMENT | |
| Title | Principles of Electronic Materials and Devices |
| 250 ## - EDITION STATEMENT | |
| Edition statement | 3rd Ed |
| 260 ## - PUBLICATION, DISTRIBUTION, ETC. (IMPRINT) | |
| Place of publication, distribution, etc. | Boston; |
| Name of publisher, distributor, etc. | McGraw-Hill, |
| Date of publication, distribution, etc. | 2006 |
| 300 ## - PHYSICAL DESCRIPTION | |
| Extent | xii,874p; |
| Other physical details | ill, |
| Dimensions | 26cm |
| 504 ## - BIBLIOGRAPHY, ETC. NOTE | |
| Bibliography, etc | Appendix, & index included |
| 650 ## - SUBJECT ADDED ENTRY--TOPICAL TERM | |
| Topical term or geographic name as entry element | Electronic devices |
| 9 (RLIN) | 633 |
| 942 ## - ADDED ENTRY ELEMENTS (KOHA) | |
| Source of classification or shelving scheme | Other/Generic Classification Scheme |
| Koha item type | Book Bank |
| Koha issues (borrowed), all copies | 2 |
| Withdrawn status | Lost status | Source of classification or shelving scheme | Damaged status | Not for loan | Home library | Current library | Date acquired | Source of acquisition | Inventory number | Total Checkouts | Full call number | Barcode | Date last seen | Koha item type | Date last checked out | Price effective from |
|---|---|---|---|---|---|---|---|---|---|---|---|---|---|---|---|---|
| Dewey Decimal Classification | MUST Main Library | MUST Main Library | 25/09/2014 | 14/38046 | 621.3 KAS 2006 | 2014-2987 | 25/09/2014 | Book Bank | ||||||||
| Dewey Decimal Classification | MUST Main Library | MUST Main Library | 25/09/2014 | 14/38045 | 621.3 KAS 2006 | 2014-2988 | 25/09/2014 | Book Bank | ||||||||
| Dewey Decimal Classification | MUST Main Library | MUST Main Library | 25/09/2014 | 14/38044 | 621.3 KAS 2006 | 2014-2989 | 25/09/2014 | Book Bank | ||||||||
| Dewey Decimal Classification | MUST Main Library | MUST Main Library | 25/09/2014 | 14/38043 | 621.3 KAS 2006 | 2014-2990 | 25/09/2014 | Book Bank | ||||||||
| Dewey Decimal Classification | MUST Main Library | MUST Main Library | 25/09/2014 | 14/38042 | 621.3 KAS 2006 | 2014-2991 | 25/09/2014 | Book Bank | ||||||||
| Dewey Decimal Classification | MUST Main Library | MUST Main Library | 18/06/2024 | Purchase | 11/33423 | 2 | 537.5 KAS 2006 | 2024-20790 | 13/10/2025 | Open Shelf | 25/09/2025 | 18/06/2024 | ||||
| Dewey Decimal Classification | Main Kihumuro Campus | Main Kihumuro Campus | 25/09/2014 | Purchase | 14/38041 | 621.3 KAS 2006 | 2014-2992 | 25/09/2014 | Book Bank | |||||||
| Dewey Decimal Classification | Main Kihumuro Campus | Main Kihumuro Campus | 25/09/2014 | Purchase | 14/38040 | 621.3 KAS 2006 | 2014-2993 | 25/09/2014 | Book Bank | |||||||
| Dewey Decimal Classification | Main Kihumuro Campus | Main Kihumuro Campus | 25/09/2014 | Purchase | 14/38039 | 621.3 KAS 2006 | 2014-2994 | 25/09/2014 | Book Bank | |||||||
| Dewey Decimal Classification | Main Kihumuro Campus | Main Kihumuro Campus | 25/09/2014 | Purchase | 14/38038 | 621.3 KAS 2006 | 2014-2995 | 25/09/2014 | Book Bank | |||||||
| Dewey Decimal Classification | Main Kihumuro Campus | Main Kihumuro Campus | 25/09/2014 | Purchase | 14/38037 | 621.3 KAS 2006 | 2014-2996 | 25/09/2014 | Book Bank |
